000
00214 a2200097 4500
001
48668
100
_a
Kidd, G.C.E
245
_a
Life in the Air Force today
260
_a
London
_b
Cassell
_c
090
_c
31582
_d
31582
942
_a
NUST-CAE
_c
M
_c
23983
999
_c
283741
_d
283741